Quarterly financial and statistical review (Record no. 79937)

MARC details
000 -LEADER
fixed length control field 00690nam a2200157 a 4500
008 - FIXED-LENGTH DATA ELEMENTS--GENERAL INFORMATION
fixed length control field 071008s2004 ||||||||||||||||| || u
050 ## - LIBRARY OF CONGRESS CALL NUMBER
Classification number ZAM.PER.BOZ(05)
110 ## - MAIN ENTRY--CORPORATE NAME
Corporate name or jurisdiction name as entry element Bank Of Zambia (BOZ)
245 10 - TITLE STATEMENT
Title Quarterly financial and statistical review
250 ## - EDITION STATEMENT
Edition statement 2004
260 ## - PUBLICATION, DISTRIBUTION, ETC.
Place of publication, distribution, etc. Lusaka
Name of publisher, distributor, etc. Bank of Zambia
Date of publication, distribution, etc. 2004
300 ## - PHYSICAL DESCRIPTION
Extent 33p. :ill.
350 ## -
-- 0.00
995 ## -
-- SPECIAL COLLECTIONS
-- 0.00
-- 03004101
-- CBU-MAIN LIBRARY (Kitwe)
-- 1
-- 0.00
-- ZAM.PER.BOZ(05)QFSR/05
-- 1
-- AVAILABLE
-- Jun 8, 2009
-- Z03004101
-- Zambiana Collection
995 ## -
-- SPECIAL COLLECTIONS
-- 0.00
-- 03004102
-- CBU-MAIN LIBRARY (Kitwe)
-- 1
-- 0.00
-- ZAM.PER.BOZ(05)QFSR/05
-- 2
-- AVAILABLE
-- Jun 8, 2009
-- Z03004102
-- Zambiana Collection
999 ## -
-- 79937
-- 79937
Holdings
Withdrawn status Lost status Source of classification or shelving scheme Damaged status Not for loan Permanent Location Current Location Shelving location Date acquired Total Checkouts Full call number Barcode Date last seen Copy number Price effective from Koha item type
          CBU-MAIN LIBRARY, KITWE. CBU-MAIN LIBRARY, KITWE.   06/29/2023   ZAM.PER.BOZ(05)QFSR/05 Z03004101 06/29/2023 1 06/29/2023 SPECIAL COLLECTION
          CBU-MAIN LIBRARY, KITWE. CBU-MAIN LIBRARY, KITWE.   06/29/2023   ZAM.PER.BOZ(05)QFSR/05 Z03004102 06/29/2023 2 06/29/2023 SPECIAL COLLECTION